Üdvözlet Nagy-Béliczröl község felsö része : község alsó része

Zobrazenie: Pohľady na dedinu a ulicu plnú ľudí s budovami

Bibliographic Details
Format: Photo
Language:Hungarian
PhysicalDescription:1 pohľadnica (2 čiastkové pohľady) čiernobiela 14 x 9 cm
Published: Nyitra Basofszky [1907?]
Subjects:

MARC

LEADER 00000nkm a2200000 a 4500
001 vtls011633161
003 SK-MaSNL
005 20260302090220.0
007 kf bo
008 230706q1907 xo g kuhun
015 |a SNBG1907 
035 |a urn:nbn:sk:snk-km00fcdo 
035 |a urn:nbn:sk:snk-km45un2 
035 |a 9F831824-514E-4E48-ABC5-21FF70455750 
040 |a SNK  |b slo  |c SNK  |e AACR2 
041 0 |a hun 
043 |a e-xo--- 
044 |a xo  |c SK 
072 7 |a 913  |x Regionálna geografia  |2 konspekt 
080 |a 913(437.6)  |2 2011 
080 |a (084.121)  |2 2011 
080 |a 721  |2 2011 
080 |a 711.73  |2 2011 
245 0 0 |a Üdvözlet Nagy-Béliczröl  |h grafika  |b község felsö része : község alsó része 
260 |a Nyitra  |b Basofszky  |c [1907?] 
300 |a 1 pohľadnica (2 čiastkové pohľady)  |b čiernobiela  |c 14 x 9 cm 
500 |a Názvové údaje prevzaté z obrazovej časti pohľadnice 
520 8 |a Zobrazenie: Pohľady na dedinu a ulicu plnú ľudí s budovami 
650 0 7 |a budovy  |2 SNKPH  |9 1283 
650 0 7 |a ulice  |2 SNKPH  |9 2938 
651 7 |a Veľké Bielice (Partizánske, Slovensko)  |2 SNKPHgeo  |9 57357 
655 7 |a miestne pohľadnice  |2 SNKPH  |9 70510 
655 7 |a historické pohľadnice  |2 SNKPH  |9 159703 
752 |a Slovensko  |d Nitra 
852 |a Slovenská národná knižnica 
958 |a GBN 
958 |a ONDV 
958 |a GC 
999 |c 1195698  |d 1197628 
952 |a SNK  |b SNK  |y PREZ  |7 0  |p 17A1223327  |o snkSP 25354  |z Pohľadnica prešla poštou.  |0 0  |1 0  |4 0  |d 2017-05-29  |f 1  |l 0  |r 2026-02-24 22:25:30  |w 2026-02-24